[Event "HCL-B3915"]
[Site "www.playchess.de"]
[Date "2006.03.25"]
[Round "3"]
[White "nichju"]
[Black "arsenius"]
[WhiteElo "1060"]
[BlackElo "871"]
[PlyCount "64"]
[Result "0-1"]

1.e4 e6 2.d4 d5 3.Nc3 Bb4 4.Bd2 c5 5.Qg4 Ne7 
6.Qxg7 Rg8 7.dxc5 Rxg7 {??}  8.exd5 exd5 9.Nf3 
Bxc5 10.O-O-O Bxf2 11.Bh6 Rg6 12.Bf4 Qb6 13.Bb5+ 
Bd7 14.Bxd7+ Nxd7 15.Rhf1 Rxg2 16.Rd2 Be3 17.Bxe3 
Qxe3 18.Kb1 Rxd2 19.Nxd2 Qxd2 20.h4 d4 21.Ne4 Qe2 
22.Nd6+ Kf8 23.Rc1 b6 24.a4 d3 25.Nc4 dxc2+ 
26.Rxc2 Qe1+ 27.Ka2 Rc8 28.Ne5 Rxc2 29.Nxd7+ Kg7 
30.h5 Qb4 31.h6+ Kxh6 32.Kb1 Qxb2+ 0-1

[Event "HCL-B3820"]
[Site "www.playchess.de"]
[Date "2006.03.25"]
[Round "31"]
[White "garden"]
[Black "GMO"]
[WhiteElo "1084"]
[BlackElo "1337"]
[PlyCount "118"]
[Result "0-1"]

1.e4 e5 {Oi meu amigo! Prazer em jogar com vc.}  
2.d3 Nf6 {Fala português?}  3.Bg5 {sim claro!}  
Be7 {Joga a quanto tempo?}  4.g3 {no playchess, um 
ane e meio...}  O-O {Estou a mais tempo no 
playchess}  5.Bg2 h6 {Vamos dormir rapaz!}  6.Bxf6 
{vc tem nove anos de verdade?}  Bxf6 {41, e 
verdade...}  7.Nf3 {aahhh}  d6 {Vou dormir...}  
8.O-O Nc6 9.Nc3 Be6 10.Qe2 a6 11.Qd2 b5 12.b3 Re8 
13.a4 b4 14.Na2 a5 15.c4 Bg4 16.Ne1 Nd4 17.Kh1 
Nxb3 {Desculpe!}  18.Qb2 {nem! sempre tem que ter 
um melhor que o outro...}  Nxa1 19.Qxa1 c5 20.Bf3 
Bxf3+ 21.Nxf3 Rb8 22.Nc1 b3 23.Qb2 Qb6 24.Nd2 Bg5 
25.f4 exf4 26.gxf4 Bf6 27.Qa3 b2 28.Ne2 Qb4 
29.Qxb4 Rxb4 30.Rb1 Reb8 31.Nf3 Rxa4 32.e5 dxe5 
33.fxe5 Be7 34.Nc3 Ra1 35.Nd2 Bg5 36.Nce4 Bxd2 
37.Nxd2 Rxb1+ 38.Nxb1 a4 39.Kg1 a3 40.Nxa3 b1Q+ 
41.Nxb1 Rxb1+ 42.Kf2 Rb2+ 43.Ke3 Rxh2 44.Ke4 Kf8 
45.Kd5 Rh3 46.Kxc5 Rxd3 {Esta torre vai ser 
tomada?}  47.Kc6 {acho q naun...}  Ke7 48.c5 Ke6 
49.Kc7 Kxe5 50.c6 Ke6 51.Kc8 Kd6 52.c7 Rc3 53.Kd8 
Rxc7 54.Ke8 Ra7 55.Kf8 Ra8+ 56.Kxg7 Ke6 57.Kxh6 
Kf6 58.Kh7 Rf8 59.Kh6 Rh8+ 0-1

[Event "HCL-A2644"]
[Site "www.playchess.de"]
[Date "2006.03.25"]
[Round "1"]
[White "normand"]
[Black "boko46"]
[WhiteElo "1816"]
[BlackElo "1700"]
[PlyCount "44"]
[Result "1-0"]

1.d4 d5 2.c4 e6 3.Nf3 a6 4.Nc3 h6 5.e3 c6 6.a4 Nf6 
7.Bd3 Nbd7 8.O-O Bd6 9.Qe2 Bc7 10.b4 dxc4 11.Bxc4 
Nd5 12.Nxd5 cxd5 13.Bd3 O-O 14.Ba3 Re8 15.Rfc1 Bd6 
16.b5 Nb6 17.Bxd6 Qxd6 18.a5 Nd7 19.b6 Nxb6 
20.axb6 Qxb6 21.Ne5 Qd6 22.Qh5 
Re7 1-0

[Event "HCL-B3933"]
[Site "www.playchess.de"]
[Date "2006.03.25"]
[Round "6"]
[White "ocluanain"]
[Black "Viking"]
[WhiteElo "995"]
[BlackElo "1081"]
[PlyCount "74"]
[Result "0-1"]

1.Nf3 {good luck to you.}  d6 2.g3 g6 3.Bg2 Bg7 
4.O-O Nf6 5.Nc3 d5 6.d3 c6 7.d4 O-O 8.Bf4 Nbd7 
9.Re1 c5 10.e4 Nxe4 11.Nxe4 dxe4 12.Rxe4 Re8 13.d5 
Bxb2 14.Rb1 Ba3 15.d6 Nf6 16.Rxe7 Rxe7 17.dxe7 
Qxe7 18.Rb3 Bb4 19.a3 Ba5 20.c4 a6 21.Be5 Be6 
22.Qc1 Ng4 23.Ng5 f6 24.Nxe6 Nxe5 25.Nxc5 Qxc5 
26.Bf1 b5 27.Bg2 Ng4 28.Qc2 Re8 29.Bd5+ Kg7 30.Kg2 
Be1 31.Kh3 Qc8 32.Kg2 Nxf2 33.Rf3 Qh3+ 34.Kg1 Ng4 
35.cxb5 Bf2+ 36.Rxf2 Re1+ 37.Rf1 {good game.  
thanks.}  Qxf1+ {you too.  thanks for making it 
hard.}  0-1

[Event "HCL-A2576"]
[Site "www.playchess.de"]
[Date "2006.03.25"]
[Round "20"]
[White "RUDI"]
[Black "Grand73Am"]
[WhiteElo "1249"]
[BlackElo "1436"]
[PlyCount "106"]
[Result "1/2-1/2"]

1.d4 {hello!}  d5 2.Nf3 Nc6 3.e3 Nf6 4.Bb5 Bd7 
5.Nc3 e6 6.O-O Bd6 7.b3 a6 8.Bxc6 Bxc6 9.Re1 O-O 
10.Bb2 Ne4 11.Nxe4 dxe4 12.Nd2 b5 13.Qg4 Bd7 
14.Qxe4 Qg5 15.f4 Qg6 16.Qxg6 hxg6 17.Ne4 Be7 
18.Rac1 f6 19.c4 Kf7 20.Nc5 Bxc5 21.dxc5 Rfh8 
22.Red1 Bc6 23.Rc2 Rh5 24.cxb5 axb5 25.Ba1 Rah8 
26.h3 g5 27.Rf2 g4 28.Kf1 gxh3 29.gxh3 R5xh3 
30.Ke2 R8h4 31.Bc3 Rg4 32.b4 Rgg3 33.Bd2 Bf3+ 
34.Rxf3 Rgxf3 35.Rf1 Rh2+ 36.Kxf3 Rxd2 37.Rf2 
Rxf2+ 38.Kxf2 g6 39.e4 g5 40.f5 {(offering draw)}  
exf5 41.exf5 {(offering draw)}  Kg7 42.Kg3 Kh6 
43.Kg4 c6 44.a3 Kg7 45.Kh5 Kh7 46.Kg4 Kh6 47.a4 
bxa4 48.b5 a3 49.bxc6 a2 50.c7 a1Q 51.c8Q Qd4+ 
52.Kf3 Qf4+ 53.Ke2 Qe4+ {(offering draw)} 
 1/2-1/2

[Event "HCL-M888"]
[Site "www.playchess.de"]
[Date "2006.03.25"]
[Round "29"]
[White "gsmaior"]
[Black "temple"]
[WhiteElo "2033"]
[BlackElo "1731"]
[PlyCount "79"]
[Result "1-0"]

1.d4 {greetings from Rio de Janeiro, Brazil, a 
nice game to you !}  Nf6 {Hello from 
Calgary,Alberta,Canada.GG,GL.}  2.c4 d5 3.e3 e6 
4.Nc3 Be7 5.Nf3 O-O 6.Bd3 dxc4 7.Bxc4 b6 8.O-O Bb7 
9.Qe2 Nbd7 10.e4 c5 11.e5 Nd5 12.Rd1 Nxc3 13.bxc3 
Qc7 14.d5 Bxd5 15.Bxd5 exd5 16.Rxd5 Qc6 17.c4 b5 
18.Rd1 a6 19.Rb1 b4 20.Bg5 Rae8 21.Qd3 Nb6 22.Bxe7 
Rxe7 23.Ng5 Qg6 24.Qd6 Qxd6 25.exd6 Re2 26.a3 a5 
27.Kf1 Re5 28.Nf3 Re4 29.Nd2 Re6 30.Nb3 Rd8 
31.Nxa5 Rexd6 32.Rxd6 Rxd6 33.axb4 Rd8 34.bxc5 Nc8 
35.c6 Kf8 36.c5 Ke8 37.Nb7 Rd2 38.Re1+ Kf8 39.c7 
Rd7 40.Nd6 1-0

[Event "HCL-A2649"]
[Site "www.playchess.de"]
[Date "2006.03.25"]
[Round "16"]
[White "hal1958"]
[Black "KingGeorge"]
[WhiteElo "1434"]
[BlackElo "1574"]
[PlyCount "48"]
[Result "0-1"]

1.b4 Nf6 2.Bb2 e5 3.Bxe5 Bxb4 4.e3 O-O 5.c4 Nc6 
6.Bb2 Re8 7.Nf3 d5 8.cxd5 Nxd5 9.h3 Nf4 10.Qa4 Bf5 
11.a3 Bd6 12.Be2 Nd3+ 13.Bxd3 Bxd3 14.Qg4 f6 
15.Nc3 Na5 16.Nd5 Be5 17.Bxe5 fxe5 18.Nb4 e4 
19.Nd4 Bc4 20.Nf5 Qf6 21.Rc1 c5 22.Nc2 Ref8 23.Nh4 
Qxf2+ 24.Kd1 Nb3 0-1

[Event "HCL-A2610"]
[Site "www.playchess.de"]
[Date "2006.03.25"]
[Round "5"]
[White "hal1958"]
[Black "KingGeorge"]
[WhiteElo "1428"]
[BlackElo "1586"]
[PlyCount "100"]
[Result "0-1"]

1.b4 {have a nice game}  e5 2.Bb2 Bxb4 3.Bxe5 Nf6 
4.e3 d5 5.Nf3 Nc6 6.Bb2 Bg4 7.Be2 Be7 8.O-O Qd7 
9.h3 Bh5 10.d3 O-O 11.Nbd2 Bg6 12.c4 Rad8 13.cxd5 
Nxd5 14.Nc4 f6 15.Qb3 Kh8 16.Ncd2 Rfe8 17.Rac1 Na5 
18.Qd1 Nb4 19.a3 Nxd3 20.Bxd3 Bxd3 21.Re1 c5 
22.Bc3 Nc6 23.Nf1 c4 24.Qa4 Nd4 25.Qxd7 Nxf3+ 
26.gxf3 Rxd7 27.Bb4 Kg8 28.Nd2 b5 29.Ne4 Bxe4 
30.fxe4 Bxb4 31.axb4 Rxe4 32.Kg2 Rd3 33.Kf3 f5 
34.Red1 Rb3 35.Rcb1 Rxb1 36.Rxb1 c3 37.Ke2 Kf7 
38.Kd3 Rc4 39.f4 Ke6 40.Rc1 c2 41.Rxc2 Rxc2 
42.Kxc2 Kd5 43.Kd3 h6 44.h4 g6 45.Kc3 Ke4 46.Kd2 
Kf3 47.Kd3 Kg4 48.Ke2 Kg3 49.Ke1 Kxh4 50.Kf2 
Kg4 0-1

[Event "HCL-A2640"]
[Site "www.playchess.de"]
[Date "2006.03.25"]
[Round "15"]
[White "steady_eddie"]
[Black "dynamike"]
[WhiteElo "1655"]
[BlackElo "1374"]
[PlyCount "63"]
[Result "1-0"]

1.e4 {hello again}  c5 {Hi}  2.Nf3 e6 3.d4 cxd4 
4.Nxd4 a6 5.Nc3 Qc7 6.Be3 b5 7.a3 Nf6 8.Be2 Bb7 
9.f3 d6 10.O-O Nbd7 11.Qd2 Be7 12.Rfd1 O-O 13.Rac1 
Rfd8 14.Bf1 Ne5 15.Qf2 Nc4 16.Bxc4 Qxc4 17.Nb3 a5 
18.Bb6 Rdc8 19.Nxa5 Rxa5 20.Bxa5 d5 21.Kh1 dxe4 
22.fxe4 e5 23.Bb6 Bxa3 24.bxa3 Qxc3 25.Rca1 Bxe4 
26.h3 Qxh3+ 27.Kg1 Qg4 28.Rab1 Bxc2 29.Qxc2 Kh8 
30.Qxc8+ Qxc8 31.Rd8+ Qxd8 32.Bxd8 1-0

[Event "ACL-M084"]
[Site "www.playchess.de"]
[Date "2006.03.25"]
[Round "7"]
[White "michail"]
[Black "bluecat"]
[WhiteElo "1947"]
[BlackElo "2111"]
[PlyCount "78"]
[Result "1/2-1/2"]

1.Nf3 Nf6 2.c4 c6 3.Nc3 d5 4.d4 dxc4 5.a4 Bf5 
6.Ne5 Nbd7 7.Nxc4 Qc7 8.g3 e5 9.dxe5 Nxe5 10.Bf4 
Nfd7 11.Nxe5 Nxe5 12.Bg2 Bc5 13.O-O Qe7 14.Ne4 
Bxe4 15.Bxe4 Rd8 16.Qc2 Ng6 17.Bc1 O-O 18.Bf3 a5 
19.Bd2 Bb4 20.Bc3 Rfe8 21.Rfd1 Ne5 22.Bg2 Qc5 
23.e3 Bxc3 24.Qxc3 Qxc3 25.bxc3 Rxd1+ 26.Rxd1 g5 
27.Bf1 f5 28.Be2 g4 29.Kg2 Kg7 30.h4 Kf7 31.Kf1 
Ke7 32.Ke1 Rb8 33.c4 h5 34.Rd4 Rf8 35.Kd2 Ke6 
36.Kc3 Nd7 37.Bd1 Nc5 38.Bc2 Ke5 39.Rd1 Ke6 
{(offering draw)}  1/2-1/2

[Event "HCL-E1585"]
[Site "www.playchess.de"]
[Date "2006.03.25"]
[Round "15"]
[White "player_reh"]
[Black "takesa"]
[WhiteElo "1418"]
[BlackElo "1628"]
[PlyCount "46"]
[Result "0-1"]

1.b3 {have a nice game}  e5 {thx:)}  2.Bb2 e4 3.e3 
Nf6 4.f3 d5 5.Nc3 c6 6.fxe4 dxe4 7.g3 Bg4 8.Be2 
Bf5 9.h3 Bd6 10.Kf2 Qc7 11.g4 Bg6 12.g5 Qe7 13.h4 
Qe5 14.gxf6 Qxf6+ 15.Nf3 exf3 16.Bxf3 Nd7 17.Ke2 
Ne5 18.Qf1 Nxf3 19.Qxf3 Qe5 20.d3 Bh5 21.Raf1 
Bxf3+ 22.Rxf3 Qe7 23.Ne4 f6 0-1

[Event "HCL-A2641"]
[Site "www.playchess.de"]
[Date "2006.03.25"]
[Round "5"]
[White "IRONMAIDEN"]
[Black "scaper"]
[WhiteElo "1243"]
[BlackElo "1528"]
[PlyCount "56"]
[Result "0-1"]

1.e4 {ja Grüß Gott aus dem Land der unbegrenzten 
Möglichkeiten!}  c5 {ja das klingt ja mal richtig 
gut hier zwischendurch! sollte ich hoch genug 
hinauskommen, werde ich die grüße gerne 
ausrichten, und welches land bietet dir 
unbegrenzte möglichkeiten hier?}  2.c4 {Bayern. 
Hier kann sogar ein Oberschlawiner 
Ministerpräsident werden - und das über 
Jahrzehnte.}  g6 {Ich ziehe gerade von Hessen nach 
NRW um ..., diese Schlawiner sind eine landes- 
bzw. bundesweite Erscheinung, deren ethische und 
bewußt ignorante Komponenten bemerkenswert sind.}  
3.Nf3 {was - die auch??}  Bg7 {die Kunst des 
Schlawinertums erschöpft sich in der Kenntnis der 
besten Schmiermittel in einer völlig verkrusteten 
Bürokratie, die alles lähmt und nur dieses 
Schwätzertum am leben erhält. Wird seit gestern am 
leben groß oder klein geschrieben? wir brauchen}  
4.Nc3 {Wir brauche Guiness für alle.}  Nc6 5.Be2 
Nf6 {Aber hallo! :-) Guinness, eines der edelsten 
Getränke, die man sich vorstellen kann, noch dazu 
blubbern die Bläschen in die entgegengestzte 
Richtung! Unbedingt beim dritten Glas sofort 
überprüfen! Und dann den nächsten Zug machen}  
6.O-O {keins mehr da.}  a6 7.d3 Qc7 8.d4 cxd4 
9.Nxd4 Nxd4 10.Be3 Nxe2+ 11.Qxe2 d6 12.Rac1 Qa5 
13.Qd2 Nd7 14.b3 Kf8 15.f4 b6 16.Ne2 Qxd2 17.Bxd2 
Bb7 18.Nc3 Bd4+ 19.Kh1 Nc5 20.Nd5 Nxe4 21.Bb4 Nf2+ 
22.Rxf2 Bxf2 23.Rc2 Bd4 24.Re2 Re8 25.Nc7 Rc8 
26.Nxa6 Bxa6 27.Be1 b5 28.cxb5 
Bxb5 0-1

[Event "HCL-A2591"]
[Site "www.playchess.de"]
[Date "2006.03.25"]
[Round "8"]
[White "blue"]
[Black "maus"]
[WhiteElo "1229"]
[BlackElo "1348"]
[PlyCount "134"]
[Result "0-1"]

1.d4 e6 2.Nf3 c5 3.e3 Nf6 4.c3 Nc6 5.Bb5 a6 6.Bxc6 
bxc6 7.Nbd2 d5 8.Ne5 Bb7 9.Qa4 Qc7 10.Ndf3 h6 
11.Bd2 Bd6 12.O-O Ne4 13.Be1 O-O 14.c4 Kh7 15.cxd5 
cxd5 16.Ba5 Qe7 17.Qc2 f6 18.Nd3 c4 19.Nc1 f5 
20.b3 Rac8 21.bxc4 dxc4 22.Ne2 Rf6 23.g3 e5 24.Bc3 
Nxc3 25.Nxe5 Nxe2+ 26.Qxe2 Bxe5 27.dxe5 Qxe5 
28.Rfc1 Qe4 29.f3 Qxf3 30.Qxf3 Bxf3 31.Kf2 Be4 
32.a4 Rd6 33.Ra2 c3 34.a5 Rd2+ 35.Rxd2 cxd2 36.Rd1 
Rd8 37.Ke2 Rd5 38.Rxd2 Rxa5 39.h3 Rc5 40.Ra2 Bd5 
41.Ra4 {GOOD GAME   I THINK U GOT ME}  g5 {and to 
you,i think}  42.g4 Bc4+ 43.Kf2 fxg4 44.hxg4 a5 
45.Kf3 Kg6 46.Ke4 Be6 47.Kd3 h5 48.gxh5+ Kxh5 
49.Kd4 Rd5+ 50.Ke4 g4 51.Kf4 Kh4 52.e4 Rb5 53.Ra3 
Rg5 54.e5 g3 55.Ra1 g2 56.Rg1 a4 57.Kf3 Kh3 58.Kf4 
Rg4+ 59.Kf3 a3 60.Kf2 Kh2 61.Rxg2+ Rxg2+ 62.Ke3 a2 
63.Ke4 a1Q 64.Kf4 Qa4+ 65.Ke3 Rg3+ 66.Kf2 Qa2+ 
67.Kf1 Rg1+ 0-1

[Event "HCL-E1519"]
[Site "www.playchess.de"]
[Date "2006.03.25"]
[Round "7"]
[White "hal1958"]
[Black "Glomp"]
[WhiteElo "1471"]
[BlackElo "1605"]
[PlyCount "122"]
[Result "0-1"]

1.b4 {hi, have a nice game}  e5 {hello, one 
orang-utan again?}  2.Bb2 Bxb4 3.Bxe5 Nf6 4.e3 O-O 
5.Nf3 d5 6.c4 Nc6 7.Bb2 Re8 8.Be2 Bg4 9.cxd5 Nxd5 
10.O-O Bf8 11.h3 Be6 12.Nc3 Nxc3 13.Bxc3 Be7 
14.Nd4 Nxd4 15.Bxd4 c5 16.Bc3 a6 17.Bf3 Qc7 18.Qc2 
Rab8 19.Qb2 f6 20.Rab1 b5 21.a3 Bc4 22.Rfd1 Bd3 
23.Rba1 a5 24.Rde1 b4 25.axb4 axb4 26.Bxb4 Rxb4 
27.Qc3 Be4 28.Bxe4 Rxe4 29.d3 Re6 30.Rac1 Qe5 
31.Qxe5 Rxe5 32.Rc4 Rd8 33.Rd1 Kf7 34.Kf1 Ke6 
35.Ke2 Red5 36.g4 R5d7 37.f4 g6 38.Re4+ Kf7 39.f5 
R7d5 40.fxg6+ hxg6 41.h4 f5 42.gxf5 gxf5 43.Rf4 
Ke6 44.h5 Rh8 45.Rh1 Rh6 46.e4 fxe4 47.Rxe4+ Kd6 
48.Kd2 Rhxh5 49.Rxh5 Rxh5 50.Kc3 Bf6+ 51.Kc4 Rd5 
52.Re3 Rf5 53.Re4 Be5 54.Rh4 Rf1 55.Rh6+ Bf6 
56.Kb3 Kd5 57.Kc2 Kd4 58.Rh3 Rf2+ 59.Kd1 Kc3 
60.Ke1 Bd4 61.Rh4 Kxd3 0-1

[Event "HCL-A2603"]
[Site "www.playchess.de"]
[Date "2006.03.25"]
[Round "4"]
[White "dynamike"]
[Black "oyetola"]
[WhiteElo "1475"]
[BlackElo "1468"]
[PlyCount "113"]
[Result "1-0"]

1.e4 e5 2.Nf3 Nf6 3.d4 Nc6 4.dxe5 Nxe4 5.Qd5 Nc5 
6.Bc4 Qe7 7.O-O Nb4 8.Qd2 Ne4 9.Qd4 Nxc2 10.Qxe4 
Nxa1 11.Ng5 f6 12.Nf7 c6 13.Nd6+ Kd8 14.f4 g5 
15.Rd1 b5 16.Bxb5 Rb8 17.Bxc6 Rb6 18.Nxc8 Qc5+ 
19.Be3 Qxc6 20.Bxb6+ Kxc8 21.Qxc6+ dxc6 22.Bxa7 
Nc2 23.Rc1 Nb4 24.a3 Kb7 25.Bd4 Nd3 26.Rc4 Nxf4 
27.Nc3 f5 28.a4 Be7 29.a5 Ra8 30.Bb6 Nd3 31.Na4 
Nxe5 32.Nc5+ Bxc5+ 33.Rxc5 Re8 34.b4 Nd3 35.Rxf5 
Nxb4 36.Rxg5 Nd3 37.h3 h6 38.Rh5 Re6 39.g3 Rg6 
40.Kh2 Nb4 41.Be3 Nd5 42.Rxh6 Rxh6 43.Bxh6 c5 
44.g4 c4 45.g5 Ne7 46.Bg7 Ka6 47.Bc3 Ng6 48.Kg3 
Kb5 49.h4 Ne7 50.h5 Nd5 51.Be1 Ne7 52.g6 Nc6 53.g7 
Nxa5 54.Bxa5 Kxa5 55.g8Q c3 56.Qb3 Ka6 
57.h6 1-0

[Event "HCL-A2634"]
[Site "www.playchess.de"]
[Date "2006.03.25"]
[Round "2"]
[White "hal1958"]
[Black "IRONMAIDEN"]
[WhiteElo "1403"]
[BlackElo "1202"]
[PlyCount "69"]
[Result "1-0"]

1.b4 {welcome to our new game}  d5 {hello again, 
good game!}  2.Bb2 e6 3.Nf3 a6 4.e3 Nc6 5.a3 Bd6 
6.c4 Nf6 7.c5 Be7 8.Be2 O-O 9.O-O b5 10.d3 Bb7 
11.Nbd2 Nd7 12.Nb3 f5 13.Nbd4 Nxd4 14.Nxd4 Qc8 
15.c6 Nf6 16.cxb7 Qxb7 17.Nxe6 Rfe8 18.Rc1 c6 
19.Nd4 Qd7 20.Nxc6 Bd6 21.Bxf6 gxf6 22.Nd4 Rac8 
23.Qb3 Be5 24.Nf3 Kh8 25.Nxe5 fxe5 26.Bf3 d4 
27.exd4 exd4 28.Qd5 Qxd5 29.Bxd5 Rc3 30.Rxc3 dxc3 
31.Rc1 c2 32.Bb3 Re2 33.Kf1 Rd2 34.Bxc2 f4 
35.Ke1 1-0

[Event "HCL-B3925"]
[Site "www.playchess.de"]
[Date "2006.03.25"]
[Round "9"]
[White "larese"]
[Black "sparpaket"]
[WhiteElo "1200"]
[BlackElo "1525"]
[PlyCount "52"]
[Result "0-1"]

1.d4 c5 2.d5 Nf6 3.c4 b5 4.cxb5 a6 5.bxa6 Bxa6 
6.Nc3 g6 7.Nf3 Bg7 8.e4 c4 9.Be2 O-O 10.Nh4 Bb5 
11.e5 Qa5 12.Bd2 Ne8 13.Nf3 Na6 14.a4 Nc5 15.Ne4 
Qc7 16.axb5 Rxa1 17.Qxa1 c3 18.Nxc3 Bxe5 19.Qa2 
Nf6 20.h3 Nce4 21.Nxe5 Qxe5 22.f4 Qd4 23.b4 Nxc3 
24.Qb2 Nxe2 25.Qa3 Nxf4 26.Rg1 
Qxg1+ 0-1

[Event "HCL-E1525"]
[Site "www.playchess.de"]
[Date "2006.03.25"]
[Round "5"]
[White "Toni76"]
[Black "Glomp"]
[WhiteElo "1840"]
[BlackElo "1598"]
[PlyCount "44"]
[Result "0-1"]

1.d4 Nf6 2.Nf3 g6 3.c4 Bg7 4.Nc3 O-O 5.e4 d6 6.Be2 
Nbd7 7.O-O e5 8.d5 Nc5 9.Bg5 h6 10.Bxf6 Bxf6 11.b4 
Nd7 12.Na4 Be7 13.Rc1 a5 14.a3 axb4 15.axb4 c6 
16.dxc6 bxc6 17.c5 dxc5 18.Nxc5 Bxc5 19.bxc5 Qe7 
20.Qd6 Qxd6 21.cxd6 c5 22.Bb5 f6 0-1

[Event "HCL-B3916"]
[Site "www.playchess.de"]
[Date "2006.03.25"]
[Round "20"]
[White "mitke"]
[Black "ama49"]
[WhiteElo "1255"]
[BlackElo "1116"]
[PlyCount "52"]
[Result "1/2-1/2"]

1.e4 {Hi grom Croatia}  e5 {Good luck}  2.Nf3 Nc6 
3.Bc4 Nf6 4.Nc3 h6 5.O-O Be7 6.d4 exd4 7.Nxd4 Nxd4 
8.Qxd4 d6 9.Bd2 O-O 10.f4 c5 11.Qd3 b6 12.Nd5 Nxd5 
13.Bxd5 Rb8 14.c4 Bf6 15.Bc3 Bxc3 16.Qxc3 Re8 
17.Rae1 Be6 18.b3 Bxd5 19.exd5 Re7 20.Rxe7 Qxe7 
21.Re1 Qd7 22.Re4 Re8 23.Qe3 Kf8 24.Rxe8+ Qxe8 
25.Qxe8+ Kxe8 26.Kf2 Ke7 {(offering draw)} 
 1/2-1/2

[Event "HCL-B3877"]
[Site "www.playchess.de"]
[Date "2006.03.25"]
[Round "17"]
[White "seisan"]
[Black "IRONMAIDEN"]
[WhiteElo "1441"]
[BlackElo "1203"]
[PlyCount "58"]
[Result "0-1"]

1.d4 {hi}  d5 {hello and good game!}  2.Nf3 Nc6 
3.Bg5 h6 4.Bh4 g5 5.Bg3 e6 6.e3 Qe7 7.c3 b6 8.Bb5 
Bd7 9.Bxc7 Rc8 10.Bg3 Bg7 11.O-O Na5 12.Bxd7+ Qxd7 
13.Nbd2 Ne7 14.Ne5 Bxe5 15.Bxe5 Rg8 16.Qh5 Nf5 
17.g4 Nd6 18.Qxh6 Nac4 19.Qh7 Kf8 20.Bxd6+ Qxd6 
21.Nxc4 dxc4 22.e4 Qf4 23.f3 Ke7 24.Qh3 Qe3+ 
25.Kg2 Rgh8 26.Qg3 Rh4 27.f4 Qxe4+ 28.Kg1 Rch8 
29.fxg5 Rxg4 0-1

[Event "HCL-B3929"]
[Site "www.playchess.de"]
[Date "2006.03.25"]
[Round "7"]
[White "foinaven"]
[Black "claude"]
[WhiteElo "1411"]
[BlackElo "1200"]
[PlyCount "108"]
[Result "0-1"]

1.d4 d5 2.e4 dxe4 3.Nc3 Nf6 4.f3 Nc6 5.Be3 b6 
6.fxe4 e5 7.d5 Ne7 8.Nf3 c6 9.Nxe5 cxd5 10.Bb5+ 
Bd7 11.Nxd7 Nxd7 12.exd5 Nf5 13.Qe2 Qe7 14.Bf4 
Qxe2+ 15.Bxe2 Nd4 16.Bd3 Rc8 17.d6 g6 18.O-O-O Bg7 
19.Rde1+ Ne6 20.Nd5 Kd8 21.Bg3 Rc5 22.Bh4+ g5 
23.Bxg5+ Nxg5 24.Nf4 Bf8 25.Re2 Bxd6 26.g3 Bxf4+ 
27.gxf4 Ne6 28.f5 Nf4 29.Rd2 Rd5 30.Rg1 Nxd3+ 
31.cxd3 Rxf5 32.d4 h5 33.Rg7 h4 34.d5 Nc5 35.d6 
Ne4 36.Rd4 Nc5 37.Rg1 Kd7 38.b4 Ne6 39.Rd2 Rf4 
40.a3 Rc8+ 41.Kb2 Rcc4 42.Rg8 Rcd4 43.Rc2 Rxd6 
44.Ra8 Nd4 45.Rxa7+ Ke6 46.Rg2 Rf3 47.Rg7 Nb5 
48.Ra8 Rd2+ 49.Kc1 Rxh2 50.Rg1 Rc3+ 51.Kb1 Rb3+ 
52.Kc1 Nc3 53.Re8+ Kd7 54.Rge1 
Rb1+ 0-1

[Event "HCL-B3877"]
[Site "www.playchess.de"]
[Date "2006.03.25"]
[Round "5"]
[White "tbouma"]
[Black "IRONMAIDEN"]
[WhiteElo "1151"]
[BlackElo "1203"]
[PlyCount "59"]
[Result "1-0"]

1.d4 d5 2.Bf4 Nc6 3.e3 Bd7 4.c3 e6 5.Nf3 Be7 6.Ne5 
Nxe5 7.Bxe5 Bf6 8.Nd2 Bxe5 9.dxe5 Ne7 10.Bd3 O-O 
11.Qh5 h6 12.Nf3 f6 13.O-O Be8 14.Qg4 f5 15.Qf4 c5 
16.Rad1 c4 17.Bc2 Ng6 18.Qg3 b5 19.e4 fxe4 20.Bxe4 
Ne7 21.Bc2 a6 22.Qh3 Bd7 23.Nd4 Qc8 24.Qh4 Qe8 
25.f4 Nc6 26.Rf3 Nxd4 27.Rxd4 Qf7 28.Rg3 Be8 
29.Qxh6 Qh5 30.Qxg7+ 1-0

[Event "HCL-B3849"]
[Site "www.playchess.de"]
[Date "2006.03.25"]
[Round "1"]
[White "Varaboca"]
[Black "garden"]
[WhiteElo "1006"]
[BlackElo "1084"]
[PlyCount "150"]
[Result "0-1"]

1.e4 {Salud again}  e5 {here we meet again! Salut 
from Sao Paulo, Brazil!}  2.Nf3 d6 3.Be2 {Salut my 
friend and good luck.}  Qf6 4.d3 g6 5.b3 Bg7 6.Bb2 
Nh6 7.Nc3 O-O 8.O-O Bg4 9.Nd5 Qd8 10.Ne3 Bxf3 
11.Bxf3 Nc6 12.c3 b6 13.a4 Ne7 14.c4 Nc6 15.g3 Nd4 
16.Bg2 Qf6 17.Ra3 Qg5 18.Nc2 Nxc2 19.h4 Ne3 
20.fxe3 Qxe3+ 21.Rf2 Qxg3 22.Rf3 Qxh4 23.Rh3 Qf4 
24.Bc1 Qg4 25.Qxg4 Nxg4 26.Ra2 Bh6 27.Bxh6 Rfe8 
28.Bc1 Ref8 29.Bf3 Nf6 30.b4 a5 31.b5 c5 32.Rd2 h5 
33.Rg2 Ne8 34.Bg5 f6 35.Be3 Ng7 36.Rxg6 Kf7 37.Rg2 
Rfg8 38.Bh6 Ne6 39.Bxh5+ Ke7 40.Bg4 Nf4 41.Bxf4 
exf4 42.Rf3 Rg5 43.Kf2 Kf7 44.Rxf4 Rh8 45.Kg3 Kg6 
46.Rgf2 Rf8 47.Kf3 d5 48.Ke2 dxe4 49.dxe4 Re5 
50.Bf5+ Kf7 51.Bd7 Ke7 52.Bc6 Rd8 53.R4xf6 Rh8 
54.R6f7+ Kd8 55.Rb7 Kc8 56.Rxb6 Rg5 57.Ra6 Kc7 
58.Rf7+ Kd6 59.Bd7+ Ke5 60.Re6+ Kd4 61.Rd6+ Kc3 
62.Rd3+ Kb4 63.Rf2 Kxc4 64.Be6+ Kb4 65.Rb3+ Kxa4 
66.Kd3 Rg3+ 67.Kc2 Rxb3 68.Bxb3+ Kxb5 69.Bd5 a4 
70.Kb2 Kb4 71.Ka2 Rh3 72.Rb2+ Ka5 73.Bc6 c4 
74.Rb5+ Ka6 75.Bb7+ Kxb5 0-1

[Event "HCL-M906"]
[Site "www.playchess.de"]
[Date "2006.03.25"]
[Round "3"]
[White "fjpv"]
[Black "bobp"]
[WhiteElo "2228"]
[BlackElo "1842"]
[PlyCount "43"]
[Result "1-0"]

1.e4 {Greetings from Portugal. Good luck}  d6 2.d4 
Nf6 3.Nc3 c6 4.Nf3 Bg4 5.h3 Bxf3 6.Qxf3 Nbd7 7.Be3 
e5 8.g4 Be7 9.g5 Ng8 10.Bc4 f6 11.Bxg8 Rxg8 
12.Qh5+ g6 13.Qxh7 Kf8 14.dxe5 Nxe5 15.gxf6 Bxf6 
16.Qxb7 Rb8 17.Qxa7 Nf3+ 18.Ke2 Ne5 19.f4 Nc4 
20.e5 dxe5 21.Bc5+ Ke8 22.Rad1 1-0

[Event "HCL-B3885"]
[Site "www.playchess.de"]
[Date "2006.03.25"]
[Round "35"]
[White "seisan"]
[Black "ama49"]
[WhiteElo "1441"]
[BlackElo "1082"]
[PlyCount "53"]
[Result "1-0"]

1.Nf3 {hi}  Nc6 {Greetings from Scotland}  2.e4 
{hello from India}  e5 3.Bb5 a6 4.Ba4 b5 5.Bb3 h6 
6.c3 Nf6 7.O-O Bc5 8.d4 exd4 9.cxd4 Bb6 10.e5 Ne4 
11.d5 Na5 12.Bc2 Nxf2 13.Rxf2 Bxf2+ 14.Kxf2 O-O 
15.Nc3 Bb7 16.Bf4 Re8 17.Qd4 d6 18.Qd3 Nc4 19.Qh7+ 
Kf8 20.exd6 cxd6 21.Bf5 Ne5 22.Qh8+ Ke7 23.Qxg7 
Nxf3 24.gxf3 Qb6+ 25.Be3 Qc7 26.Bxh6 Kd8 
27.Bg5+ 1-0

[Event "HCL-B3887"]
[Site "www.playchess.de"]
[Date "2006.03.25"]
[Round "7"]
[White "Ulpe"]
[Black "BrutalaCargo"]
[WhiteElo "1604"]
[BlackElo "1200"]
[PlyCount "45"]
[Result "1-0"]

1.e4 e5 2.Nf3 Nc6 3.Bb5 d6 4.d4 Bg4 5.Nc3 a6 
6.Bxc6+ bxc6 7.dxe5 dxe5 8.Qxd8+ Rxd8 9.Nxe5 Bb4 
10.Nxg4 h6 11.Bd2 Nf6 12.Nxf6+ gxf6 13.O-O-O O-O 
14.Bxh6 Rfe8 15.Rxd8 Rxd8 16.Rd1 Re8 17.f3 Kh7 
{(offering draw)}  18.Bf4 Kg6 19.Bxc7 Kg5 20.Ne2 
f5 21.Rd8 Re7 22.Rc8 fxe4 23.Bd8 1-0

[Event "HCL-M841"]
[Site "www.playchess.de"]
[Date "2006.03.25"]
[Round "17"]
[White "mige"]
[Black "Status_Quo"]
[WhiteElo "1789"]
[BlackElo "1803"]
[PlyCount "110"]
[Result "1/2-1/2"]

1.e4 {hi from Belgrade}  e6 {Hi, from Manchester 
(Almost)}  2.d4 d5 3.Nc3 Bb4 4.e5 c5 5.a3 Bxc3+ 
6.bxc3 Ne7 7.Nf3 Bd7 8.Bg5 Nbc6 9.Qd2 Qa5 10.Bd3 
Rc8 11.O-O cxd4 12.cxd4 Qxd2 13.Bxd2 Nf5 14.c3 Na5 
15.Rab1 b6 16.g4 Ne7 17.Ng5 Nc4 18.Bc1 h6 19.Nh3 
h5 20.gxh5 Rxh5 21.Nf4 Rh8 22.Kh1 g6 23.Rg1 Nf5 
24.h3 b5 25.Kh2 a6 26.Ra1 Kd8 27.Bxf5 gxf5 28.Rg7 
Be8 29.Nd3 Kc7 30.Nc5 Kb6 31.f4 Rxc5 {I can't tell 
if this is ok or not. There's only one way to find 
out :-)}  32.dxc5+ {I dont know too!! chess is 
very hard game}  Kxc5 {Yes, chess IS a very hard 
game. I noticed recently that Petrosian liked to 
sacrifice the exchange. At any rate your Nc5 was 
too strong...and my Rook was too weak! :-)}  
33.Ra2 {yes, I agree with you}  d4 34.cxd4+ Kxd4 
35.Rag2 Bc6 36.R2g3 a5 37.Rxf7 Rb8 38.h4 b4 
39.axb4 axb4 {My exchange sac has proved 
interesting. Now it is up to me to prove it sound 
:-) And up to you to prove it unsound :-)}  40.Rc7 
{yes, veri interesting position}  Be4 41.Rcg7 b3 
42.h5 b2 43.Bxb2+ Rxb2+ 44.Kh3 Nxe5 {My last 
gasp.}  45.fxe5 f4 46.R3g1 Bf5+ 47.Kh4 Kxe5 48.Kg5 
Rh2 49.Rf1 Rg2+ 50.Kh6 Rxg7 51.Kxg7 Ke4 52.h6 f3 
53.Re1+ Kf4 54.Rxe6 f2 {It's very exiting. I 
missed Rxe6}  55.h7 f1Q {(offering draw) It has 
been an interesting game.

Thanks!}  1/2-1/2